| 000 -LEADER |
| fixed length control field |
00490nam a22001817a 4500 |
| 008 - FIXED-LENGTH DATA ELEMENTS--GENERAL INFORMATION |
| fixed length control field |
150923b xxu||||| |||| 00| 0 eng d |
| 020 ## - INTERNATIONAL STANDARD BOOK NUMBER |
| International Standard Book Number |
0471239704 |
| 041 0# - LANGUAGE CODE |
| Language code of text/sound track or separate title |
eng |
| 080 ## - UNIVERSAL DECIMAL CLASSIFICATION NUMBER |
| Universal Decimal Classification number |
336 |
| 100 1# - Rafti |
| Rafti |
Damodaran, Aswath. |
| 245 10 - TITLE STATEMENT |
| Title |
Applied corporate finance : |
| Statement of responsibility, etc |
Aswath Damodaran. |
| 260 ## - |
| -- |
New York : |
| -- |
J. Wiley & Sons, |
| -- |
1999. |
| 300 ## - |
| -- |
xvi, 566 f. : |
| -- |
me il.; |
| -- |
24 cm. |
| 650 #0 - |
| -- |
Financë |
| 650 #0 - |
| -- |
Korporatë |
| 650 #0 - |
| -- |
Aplikuar |
| 942 ## - ADDED ENTRY ELEMENTS (KOHA) |
| Source of classification or shelving scheme |
|
| Item type |
Books |